000 01161nam a22003257a 4500
001 388
003 FISKH
005 20230405150603.0
008 230405b cb ||||| |||| 00| 0 eng d
020 _a9780977039135 (alk. paper)
040 _aDLC
_cDLC
050 0 0 _aMLCM 2012/40329 (P)
082 _a813.6
100 1 _aHoog, Mark E.
245 1 0 _aField of dreams :
_ba growing field adventure /
_cwritten by Mark E. Hoog ; illustrated by Mark Wayne Adams.
260 _aFt. Collins, CO :
_bGrowing Field Books,
_c[2009?].
300 _a44 p. :
_bcol. ill. ;
_c23 x 29 cm.
505 _aK
520 _aIn the magical Growing Field two young farmers discover their own field Of dreams and learn to grow their own seeds of success.
521 8 _a600
_bLexile estimate
521 8 _aK
_bRaz-Plus
650 _aSelf-esteem--Fiction.
650 _aStories in rhyme
650 _aSuccess--Fiction
650 _aSelf-actualization (Psychology) -- Juvenile fiction
700 1 _aAdams, Mark Wayne,
_d1971-
_eill.
906 _a7
_bcbc
_corignew
_d4
_eepcn
_f20
_gy-gencatlg
942 _2ddc
_cBK
_n0
999 _c388
_d388